000 00621nam a2200181Ia 4500
001 22306
005 20260414150822.0
008 260414t2015||||xx |||||||||||||| ||spa||
041 _aESP
082 _a621.316
_bB88
100 _aBueno, Benilde
_eAUT
245 0 _aReglamento electrotécnico para baja tensión :
_bRD 842/2002 de 2 de agosto de 2002 actualizado según RD 560/2010 y RD 1053/2014. Instrucciones Técnicas Complementarias (ITC-BT) y Guía técnica de aplicación del REBT
260 _c2015
300 _axxiii, 612 páginas :
_c21 cm.
650 _aTCA
654 _aCET
942 _cLIB
_dJUS
_fJUS
_2ddc
_n
999 _c22306
_d22306